Statistiken für Alle seltenen Brawler in Brawl Stars

Klicken Sie hier um das Quiz zu spielen!

Allgemein

  • Dieses Quiz wurde 49 mal gespielt
  • Das Durchschnittsergebnis liegt bei 7 aus 8

Antwortstatistiken

Antwort% Korrekt
El Primo
93%
Rosa
93%
Barley
89%
Colt
84%
Poco
82%
Bull
80%
Nita
73%
Brock
71%

Verteilung der Resultate

Perzentil nach korrekt beantworteten Fragen

Anzahl Personen mit jedem Resultat

Ihre Resultats-Entwicklung

Sie haben dieses Quiz noch nicht gespielt